Výsledky Svetového summitu o udržateľnom rozvoji

Svetový summit o udržateľnom rozvoji (WSSD) ako vyvrcholenie snažení pokrokového sveta a OSN o zabezpečenie udržateľného rozvoja na všetkých úrovniach - od miestnej až po globálnu. Výsledné dokumenty WSSD. Implementačný plán - jeho obsah.

Gespeichert in:
Bibliographische Detailangaben
1. Verfasser: Klinda, Jozef
Format: Buchkapitel
Sprache:Slowakisch
Schlagworte:
Tags: Tag hinzufügen
Keine Tags, Fügen Sie das erste Tag hinzu!

MARC

LEADER 00000naa a2200000 4500
001 r049656
005 20230928074711.8
041 0 |a slo 
044 |a SK 
245 1 0 |a Výsledky Svetového summitu o udržateľnom rozvoji  |c Jozef Klinda 
520 |a Svetový summit o udržateľnom rozvoji (WSSD) ako vyvrcholenie snažení pokrokového sveta a OSN o zabezpečenie udržateľného rozvoja na všetkých úrovniach - od miestnej až po globálnu. Výsledné dokumenty WSSD. Implementačný plán - jeho obsah. 
610 2 0 |a rozvoj trvalo udržateľný 
610 2 0 |a summity 
610 2 0 |a prostredie životné 
610 2 0 |a ochrana prostredia životného 
610 2 0 |a globalizácia 
610 2 0 |a spolupráca medzinárodná 
100 1 |a Klinda, Jozef